000 01080cam a22003377a 4500
003 CHAP
005 20220329135248.0
008 971013s1982 r 00010 d
010 _a33451
011 _a34423
035 _a38539
040 _cCHAP
082 _a029
_bC8
100 0 0 _aCurrás, Emilia.
_930556
245 1 4 _aLas ciencias de la documentación
_b: bibliotecología, archivología, documentación e información
260 _aBarcelona :
_bMitre,
_c1982
300 _a240 p.
490 0 _aTextos de informática y documentación
590 _aBATCH-UPD
_b10
_c20130110
_lUCH01
_h1303
590 _aBATCH-UPD
_b10
_c20130410
_lUCH01
_h0820
590 _aBATCH-UPD
_b10
_c20130914
_lUCH01
_h0625
590 _aCONVERSION
_b10
_c20130109
_lUCH01
_h1319
650 1 4 _aArchivos.
_96805
650 1 4 _aBiblioteconomía.
_912570
650 1 4 _aDocumentación.
_933172
650 1 4 _aSistemas de información.
_9106760
830 0 _aTextos de informática y documentación
_9112573
901 _aBK
942 _cLIBRO
949 _a029 C8
_bBC
_cB
_d-88066
_eB
_h60518
_i38539
_si
999 _c33451
_d33451